Available copies
- 3 of 3 copies available at LARL/NWRL Consortium.
- 1 of 1 copy available at Northwest Regional Library. (Show preferred library)
Current holds
0 current holds with 3 total copies.
Show Only Available Copies
| Location | Call Number / Copy Notes | Barcode | Shelving Location | Status | Due Date |
|---|---|---|---|---|---|
| Roseau Public Library | WAR (Text) | 35500006703910 | Main | Available | - |
| Climax Public Library | DAR (Text) | 33500013870613 | Main | Available | - |
| Crookston Public Library | DAR (Text) | 33500013870605 | Main | Available | - |
Record details
- ISBN: 9781668035382
- ISBN: 1668035383
- Physical Description: xix, 295 pages ; 22 cm.
- Edition: First Gallery Books hardcover edition.
- Publisher: New York : Gallery Books, 2023.
- Copyright: ©2022
Content descriptions
| General Note: | Series numberation from Goodreads. Prequel. "A never-before-told tale of an original member of the Black Dagger Brotherhood"--From ... Read More "Previously published in 2022 in audio format by Simon & Schuster Audio"--Title page verso. |
| Summary, etc.: | "Darius, son of Marklon, isn't looking for love ... Read More |
Search for related items by subject
| Subject: | Man-woman relationships > Fiction. Pregnancy > Fiction. Secrecy > Fiction. Secret societies > Fiction. Fate and fatalism > Fiction. Vampires > Fiction. |
| Genre: | Fantasy fiction. Paranormal fiction. Romance fiction. Fantasy fiction. Vampire fiction. Romance fiction. Novels. Paranormal fiction. |
Search for related items by series
| LDR | 03001cam a2200589Ii 4500 | ||
|---|---|---|---|
| 001 | 419794 | ||
| 003 | LARL_NWRL_CONSORTIUM | ||
| 005 | 20230907150613.0 | ||
| 008 | 230823t20232022nyu e 000 1 eng d | ||
| 010 | . | ‡a 2023934342 | |
| 040 | . | ‡aNjBwBT ‡beng ‡erda ‡cJPL ‡dJPL ‡dOI6 ‡dYDX ‡dBDX ‡dTOH ‡dETC ‡dILC ‡dIUK ‡dVP@ ‡dIMT | |
| 019 | . | ‡a1371747671 | |
| 020 | . | ‡a9781668035382 ‡q(hardcover) | |
| 020 | . | ‡a1668035383 ‡q(hardcover) | |
| 035 | . | ‡a(OCoLC)1394984798 ‡z(OCoLC)1371747671 | |
| 082 | 0 | 4. | ‡a813/.6 ‡223/eng/20230822 |
| 100 | 1 | . | ‡aWard, J. R., ‡d1969- ‡eauthor. ‡0(LARL_NWRL_CONSORTIUM)220784 |
| 245 | 1 | 0. | ‡aDarius / ‡cJ.R. Ward. |
| 250 | . | ‡aFirst Gallery Books hardcover edition. | |
| 264 | 1. | ‡aNew York : ‡bGallery Books, ‡c2023. | |
| 264 | 4. | ‡c©2022 | |
| 300 | . | ‡axix, 295 pages ; ‡c22 cm. | |
| 336 | . | ‡atext ‡btxt ‡2rdacontent | |
| 337 | . | ‡aunmediated ‡bn ‡2rdamedia | |
| 338 | . | ‡avolume ‡bnc ‡2rdacarrier | |
| 490 | 0 | . | ‡aBlack Dagger Brotherhood ; ‡v0 |
| 500 | . | ‡aSeries numberation from Goodreads. | |
| 500 | . | ‡aPrequel. "A never-before-told tale of an original member of the Black Dagger Brotherhood"--From jacket. | |
| 500 | . | ‡a"Previously published in 2022 in audio format by Simon & Schuster Audio"--Title page verso. | |
| 520 | . | ‡a"Darius, son of Marklon, isn't looking for love the night destiny comes to claim him. He's also not interested in crashing his new car. But when a human woman runs out into the road and he must swerve to avoid killing her... everything goes off course. Disillusioned by his King's lack of leadership and the losses in the war against the Lessening Society, Darius finds purpose in protecting a woman he cannot make his own. Love finds a way, however--until the truth of what he is comes out and she leaves him in horror. Unbeknownst to them both, Anne is carrying his young, a female who is destined to be Queen--and after a tragic reunion, he vows to protect their daughter. Resigned to perpetual sadness, he is determined to serve the memory of his beloved no matter the cost... unless by some miracle, fate sees fit to once again bring them together"-- ‡cProvided by publisher. | |
| 650 | 0. | ‡aMan-woman relationships ‡vFiction. ‡0(LARL_NWRL_CONSORTIUM)165985 | |
| 650 | 0. | ‡aPregnancy ‡vFiction. ‡0(LARL_NWRL_CONSORTIUM)174350 | |
| 650 | 0. | ‡aSecrecy ‡vFiction. ‡0(LARL_NWRL_CONSORTIUM)167261 | |
| 650 | 0. | ‡aSecret societies ‡vFiction. ‡0(LARL_NWRL_CONSORTIUM)167312 | |
| 650 | 0. | ‡aFate and fatalism ‡vFiction. ‡0(LARL_NWRL_CONSORTIUM)172079 | |
| 650 | 0. | ‡aVampires ‡vFiction. ‡0(LARL_NWRL_CONSORTIUM)167805 | |
| 655 | 0. | ‡aFantasy fiction. | |
| 655 | 0. | ‡aParanormal fiction. | |
| 655 | 0. | ‡aRomance fiction. | |
| 655 | 7. | ‡aFantasy fiction. ‡2lcgft | |
| 655 | 7. | ‡aVampire fiction. ‡2lcgft | |
| 655 | 7. | ‡aRomance fiction. ‡2lcgft | |
| 655 | 7. | ‡aNovels. ‡2lcgft | |
| 655 | 7. | ‡aParanormal fiction. ‡2lcgft | |
| 901 | . | ‡a419794 ‡bOCoLC ‡c419794 ‡tbiblio ‡soclc | |

Add to basket
Permalink
Disable Highlighting